000 01764cam a2200289 a 4500
999 _c10580
_d10580
003 OSt
005 20220406174858.0
008 101119s2010 ctuae 000 0 eng
020 _a9780393733334 (pbk.)
042 _apcc
082 0 0 _a721
_222
245 0 0 _aComposites, surfaces, and software :
_bhigh performance architecture /
_cGreg Lynn & Mark Foster Gage, editors.
246 3 0 _aHigh performance architecture
250 _a1st ed.
260 _aNew Haven, Conn. :
_bYale School of Architecture ;
_aNew York :
_bDistributed by W.W. Norton & Co.,
_cc2010.
300 _a158 p. :
_bill. (chiefly col.), plans (some col.) ;
_c26 cm.
505 0 _aIntroducing composites, surfaces, and software / Greg Lynn -- Composites. From tectonics to cooking in a bag / Greg Lynn ; North sails three-dimensionsl laminates : the shrinking space between composites and textiles / William Pearson ; Craft in digital design / Bill Kreysler ; Case studies / Lorenzo Marasso, Gabrielle Ho, Ashima Chitre -- Surfaces. Elemental story : why & how / Greg Foley ; New thoughts on architecture and car design / Chris Bangle ; Experiential design / Adriana Monk ; Case studies / Quang Truong ... [et al.] -- Software. Software monocultures / Mark Foster Gage ; Architecture and the computer / Frank Gehry with Greg Lynn ; Feedback / Lise Anne Couture ; Case studies / Chiewhong Tan ... [et al.].
650 0 _aArchitecture and technology.
650 0 _aArchitecture
_xTechnological innovations.
650 0 _aComposite materials.
650 0 _aBuilding materials.
650 0 _aArchitectural design
_xStudy and teaching
_zConnecticut
_zNew Haven.
700 1 _aLynn, Greg.
700 1 _aGage, Mark Foster.
906 _a7
_bcbc
_corignew
_d1
_eecip
_f20
_gy-gencatlg
942 _2ddc